Nghi thức thư tín thương mại quốc tế = International trade correspondance etiquette

Guardado en:
Detalles Bibliográficos
Autor principal: Nguyễn, Trọng Đàn
Formato: Libro
Lenguaje:Undetermined
Publicado: Tp. HCM ĐHQG 2003
Materias:
Etiquetas: Agregar Etiqueta
Sin Etiquetas, Sea el primero en etiquetar este registro!
Thư viện lưu trữ: Trung tâm Học liệu Trường Đại học Cần Thơ
LEADER 00588nam a2200193Ia 4500
001 CTU_54359
008 210402s9999 xx 000 0 und d
020 |b 15000 
082 |a 651.75 
082 |b Đ105 
100 |a Nguyễn, Trọng Đàn 
245 0 |a Nghi thức thư tín thương mại quốc tế = International trade correspondance etiquette 
245 0 |c Nguyễn Trọng Đàn 
260 |a Tp. HCM 
260 |b ĐHQG 
260 |c 2003 
650 |a commercial correspondence 
904 |i Minh 
980 |a Trung tâm Học liệu Trường Đại học Cần Thơ